000 04427cam a22004934i 4500
003 PE-LiUPU
005 20250731173322.0
008 150625s2001 xxu rb 000 0 spa d
020 _a0789909715
020 _a9780789909718
035 _a(Sirsi) i9780789909718
040 _aPE-LiUPU
_bspa
_cPE-LiUPU
_erda
049 _aPRUA
082 0 4 _a222.11
_bE23
_221
100 1 _aEdersheim, Alfred,
_eautor.
245 1 0 _aExploremos Génesis :
_bcontiene un estudio programado por la Facultad Latinoamericana de Estudios Teológicos /
_cAlfred Edersheim y Richard Ramsay.
264 1 _aMiami :
_bFLET, UNILIT,
_c2001.
300 _a506 páginas ;
_c21 centímetros
336 _atext
_2rdacontent
337 _aunmediated
_2rdamedia
338 _avolume
_2rdacarrier
500 _aComprende el comentario histórico de Edersheim y un estudio inductivo por Ramsay.
504 _aNotas bibliográficas al pie de algunas páginas.
505 0 _aLa creación. El hombre en el jardín de Edén. La caída -- Caín y Abel. Los dos caminos y las dos razas -- Set y sus descendientes. La raza de Caín -- Genealogía de la raza creyente, por medio de Set -- La corrupción universal del hombre. Preparación para el diluvio -- El diluvio -- Después del diluvio -- El sacrificio de Noé. El pecado de Noé. Los descendientes de Noé -- Genealogía de las naciones. Babel. La confusión de lenguas -- Las naciones y su religión. Job -- La cronología de la historia bíblica temprana. Comienzo de la historia de los tratos de Dios con Abraham y su simiente -- El llamamiento de Abram. Su llegada a Canaán, y traslado temporal a Egipto -- Separación de Abram y Lot. Abram en Hebrón. Sodoma saqueada. Rescate de Lot. Encuentro con Melquisidec -- La doble promesa de Abraham de una descendencia. Ismael. Jehová visita a Abraham. La destrucción de Sodoma. La estancia de Abraham en Gerar. Su pacto con Abimelec -- Nacimiento de Isaac. Expulsión de Ismael. La fe de Abraham puesta a prueba con la orden de sacrificar a Isaac. Muerte de Sara. Muerte de Abraham -- Casamiento de Isaac. Nacimiento de Esaú y Jacob. Esaú vende su primogenitura. Isaac en Gerar. Casamiento de Esaú -- Jacob obtiene la bendición de Isaac por engaño. El dolor de Esaú -- Consecuencias negativas sufridas por todos los miembros de su familia por sus errores. Jacob enviado a Labán. Isaac renueva y da enteramente a Jacob la bendición de Abraham -- La visión de Jacob en Betel. Su llegada a la casa de Labán. El casamiento doble de Jacob y su servidumbre. Jacob huye de Harán. Persecución de Labán, y reconciliación con Jacob -- Jacob en Mahanaim. La noche de la lucha. Reconciliación entre Jacob y Esaú. Jacob se establece en Siquem. Jacob sigue hasta Betel para pagar su voto -- Muerte de Raquel. Jacob se establece en Hebrón -- Primera etapa de la vida de José. José es vendido como esclavo por sus hermanos. José en la casa de Potifar. José en la cárcel -- José en la cárcel. El sueño de los dos oficiales de Faraón. El sueño de Faraón. Exaltación de José. Su gobierno de Egipto -- Los hijos de Jacob llegan a Egipto para comprar grano. José reconoce a sus hemanos. Simeón prisionero. Los hijos de Jacob vuelven por segunda vez y traen a Benjamin. José pone a sus hermanos a prueba. José se da a conocer a sus hermanos. Jacob y su familia se preparan para descender a Egipto -- Jacob y su familia van a Egipto. Entrevista de Jacob con Faraón. Su última enfermedad y orden de ser sepultado en Canaán. Efraín y Manasés admitidos entre los hijos de Israel -- La última bendición de Jacob. Muerte de Jacob. Muerte de José.
526 _aSEG42
526 _aSEG41
526 _aSEG40
526 _aSEG39
526 _aP94
526 _aP87
526 _aP86
526 _aP85
526 _aP77
526 _aP76
526 _aP35
541 _g003-0003441;
630 _aBiblia.
_pA.T.
_xComentarios.
700 1 _aRamsay, Richard,
_eautor.
910 _adbm
_bjpc
_cjpc
_d20190430
942 _2ddc
_cBOOK
994 _aC0
_bPEPRU
596 _a1
999 _a222.11 E23
_wDEWEY
_c46664
_i57649
_d46664
_e2022-6-10
_f2021-11-9
_g6
_lCCODEBUL1
_mBUL
_n5
_p13.00
_q3
_r0
_sY
_tBOOK
_u2015-6-25
_xTEOLOGIA
_PP35
_0COMPRA
_o.STAFF. Colección Teología
980 _81
_gALBERTO SANCHEZ Responsable de Automatización